Food Orocessing By Rural Families (Record no. 2877)

MARC details
000 -LEADER
fixed length control field 00299nam a22001337a 4500
041 ## - LANGUAGE CODE
Language code of text/sound track or separate title ENG
100 ## - MAIN ENTRY--PERSONAL NAME
Personal name Valmayor.R.V
245 ## - TITLE STATEMENT
Title Food Orocessing By Rural Families
260 ## - PUBLICATION, DISTRIBUTION, ETC. (IMPRINT)
Place of publication, distribution, etc Delhi
Name of publisher, distributor, etc Food And Fertlizer
Date of publication, distribution, etc 1986
300 ## - PHYSICAL DESCRIPTION
Extent 242
650 ## - SUBJECT ADDED ENTRY--TOPICAL TERM
Topical term or geographic name as entry element APE (02)
700 ## - ADDED ENTRY--PERSONAL NAME
Personal name Juang.T.C
856 ## - ELECTRONIC LOCATION AND ACCESS
Uniform Resource Identifier APE (02)
Holdings
Withdrawn status Lost status Source of classification or shelving scheme Damaged status Not for loan Home library Current library Shelving location Date acquired Total Checkouts Barcode Date last seen Price effective from Koha item type
    Dewey Decimal Classification     College of Agricultural Engineering and Technology, Dapoli , Library College of Agricultural Engineering and Technology, Dapoli , Library Book Cart 14/12/2021   T00159 14/12/2021 14/12/2021 Books

Contact Us: College of Agricultural Engineering and Technology, Dapoli, Dist.- Ratnagiri
Website: https://dbskkv.org Email: caetlibrary2015@gmail.com